| 000 | 00426nam a2200109Ia 4500 | ||
|---|---|---|---|
| 008 | 171204s9999 xx 000 0 und d | ||
| 245 | _aActionable Intelligence: A Guide to Delivering Business Results with Big Data Fast! | ||
| 245 | _cClifford Siegel, Donald Farmer, and Keith B. Carter | ||
| 260 | _c2014 | ||
| 650 | _xBUSINESS INTELLIGENCE AND ANALYTICS | ||
| 856 | _uhttp://down.ebook777.com/015/Actionable%20Intelligence.pdf | ||
| 999 |
_c347123 _d347123 |
||